000 00847nam a22002057a 4500
999 _c18293
_d18293
005 20251125232905.0
008 s2536 th tha d
040 _aNALT
041 _atha
090 _aKU 135
_bป468ห 2536
100 0 _aปรีชา มะโรหบุตร
_914753
245 1 0 _aหลักปฏิบัติแนวทางการดำเนินคดี /
_cปรีชา มะโรหบุตร.
260 _aกรุงเทพฯ :
_bประกายพรึก,
_c2536.
300 _a276 หน้า ;
_b
_c26 ซม.
650 4 _aทนายความ
_914228
_xคู่มือ
850 _aNALT
856 4 0 _uhttps://hdl.handle.net/20.500.14156/411463
_71
942 _cLB
_2local
_04
998 _j111
_k นางสาวพจพิณ พรมเอี่ยม